00629nam a2200193Ia 4500952013100000999001700131003000400148005001700152008004100169040000900210082001800219100002100237245004500258250001200303260004900315300000900364650002000373942004200393 00102ddc40708ISLAMaMESbMEScISLd2019-02-20g140.00l0o297.63 GOU/Mp38689r2019-02-20 00:00:00w2019-02-20yBKzGL46R3 c23340d23340OSt20200207102306.0190216s9999||||xx |||||||||||||| ||und|| coclc a297.63bGOU/M aGouba, K L91883 0aMarubhoomiyile Pravachakan /cK L Gouba  a9th ed. bIslamic Publishing House,c2015.aKozhikode: a185p aIslamic History cBK2ddch297.63iGOU/Mk297.63mGOU/M